| 000 | 00803nam a2200265 i 4500 | ||
|---|---|---|---|
| 001 | C2-0233511 | ||
| 003 | PPAK | ||
| 005 | 20180727194306.0 | ||
| 008 | 010528s2001 my |||| ||||| | may d | ||
| 020 | _a983624672X | ||
| 040 |
_aPPAK _beng _cPPAK _erda |
||
| 082 | 0 | 4 |
_a499.238103 _223 |
| 090 | 0 | 0 |
_a499.238103 _bDAF _dKMI |
| 090 | 0 | 0 |
_a499.238103 _bDAF _dR |
| 245 | 0 | 0 |
_aDaftar kata Bahasa Melayu : _brumi - sebutan - jawi (Jilid 1 A-K) |
| 264 | 1 |
_aKuala Lumpur : _bDewan Bahasa dan Pustaka , _c2001 |
|
| 300 |
_axi, 838 pages ; _c24 cm |
||
| 336 |
_2rdacontent _atext |
||
| 337 |
_2rdamedia _aunmediated |
||
| 338 |
_2rdacarrier _avolume |
||
| 500 | _aJilid 1 | ||
| 650 | 1 | 0 | _aMalay language - Dictionaries. |
| 700 | 0 |
_aIsmail bin Dahaman ; Manshoor bin Haji Ahmad, _ecompile |
|
| 942 |
_ddc _cB |
||
| 999 |
_c50001 _d50001 |
||